[Event "37th Zalakaros Festival 2018"]
[Site "Zalakaros"]
[Date "2018.06.02"]
[Round "9"]
[White "Bozinovic, Bogdan"]
[Black "Polajzer, Danilo"]
[Result "1/2-1/2"]
[WhiteElo "2176"]
[BlackElo "2273"]
[Annotator "NA"]
[PlyCount "26"]
[EventDate "2018.??.??"]
[EventType "swiss"]
[EventCountry "HUN"]
[SourceTitle "playchess.com"]
[Source "ChessBase"]
[SourceQuality "1"]
[TimeControl "40/5400+30:1800+30"]

1. d4 {[%emt 0:00:07]} d5 {[%emt 0:06:36]} 2. c4 {[%emt 0:00:15]} c6 {[%emt 0:00:03]} 3. Nf3 {[%emt 0:00:08]} Nf6 {[%emt 0:00:06]} 4. Nc3 {[%emt 0:00:09]} dxc4 {[%emt 0:00:05]} 5. a4 {[%emt 0:00:14]} e6 {[%emt 0:00:14]} 6. e3 {[%emt 0:00:30]} c5 {[%emt 0:00:01]} 7. Bxc4 {[%emt 0:00:17]} cxd4 {[%emt 0:00:09]} 8. exd4 {[%emt 0:00:21]} Be7 {[%emt 0:00:07]} 9. O-O {[%emt 0:00:11]} O-O {[%emt 0:00:01]} 10. d5 {[%emt 0:00:26]} exd5 {[%emt 0:00:49]} 11. Nxd5 {[%emt 0:00:08]} Nxd5 {[%emt 0:00:09]} 12. Bxd5 {[%emt 0:00:11]} Nd7 {[%emt 0:00:09]} 13. Be3 {[%emt 0:00:28]} Nf6 {[%emt 0:00:06]} 1/2-1/2

[Event "37th Zalakaros Festival 2018"]
[Site "Zalakaros"]
[Date "2018.06.02"]
[Round "9"]
[White "Bereczki, Janos"]
[Black "Kernazhitsky, Leonid"]
[Result "1/2-1/2"]
[WhiteElo "2099"]
[BlackElo "2250"]
[Annotator "ChessBase"]
[PlyCount "77"]
[EventDate "2018.??.??"]
[EventType "swiss"]
[EventCountry "HUN"]
[SourceTitle "playchess.com"]
[Source "ChessBase"]
[SourceQuality "1"]
[TimeControl "40/5400+30:1800+30"]

1. d4 {[%emt 0:02:16]} d5 {[%emt 0:03:28]} 2. c4 {[%emt 0:05:52]} dxc4 {[%emt 0:00:10]} 3. e3 {[%emt 0:00:28]} a6 {[%emt 0:00:33]} 4. Bxc4 {[%emt 0:00:10]} Nf6 {[%emt 0:00:14]} 5. Nf3 {[%emt 0:00:54]} e6 {[%emt 0:01:18]} 6. O-O {[%emt 0:00:41]} c5 {[%emt 0:00:20]} 7. dxc5 {[%emt 0:01:00]} Bxc5 {[%emt 0:01:10]} 8. Qxd8+ {[%emt 0:01:14]} Kxd8 {[%emt 0:00:15]} 9. a3 {[%emt 0:04:37]} Nc6 {[%emt 0:01:39]} 10. b4 {[%emt 0:01:05]} Bd6 11. Bb2 {[%emt 0:01:31]} Ke7 {[%emt 0:00:43]} 12. Nbd2 {[%emt 0:01:25]} b6 {[%emt 0:05:35]} 13. Be2 {[%emt 0:05:01]} Bb7 {[%emt 0:11:52]} 14. Rac1 Rac8 {[%emt 0:01:52]} 15. Nc4 {[%emt 0:09:54]} Bc7 {[%emt 0:00:12]} 16. Nd4 {[%emt 0:05:33]} Nxd4 {[%emt 0:01:18]} 17. Bxd4 {[%emt 0:02:09]} Nd7 {[%emt 0:00:22]} 18. a4 {[%emt 0:11:13]} e5 {[%emt 0:03:41]} 19. Bb2 {[%emt 0:00:38]} f6 {[%emt 0:11:25]} 20. b5 {[%emt 0:00:18]} Nc5 {[%emt 0:02:04]} 21. Ba3 {[%emt 0:01:20]} axb5 {[%emt 0:00:41]} 22. Na5 {[%emt 0:20:17]} b4 {[%emt 0:08:37]} 23. Bxb4 {[%emt 0:01:05]} bxa5 {[%emt 0:02:54]} 24. Bxc5+ {[%emt 0:01:06]} Bd6 {[%emt 0:00:12]} 25. Bxd6+ {[%emt 0:00:37]} Kxd6 {[%emt 0:00:09]} 26. Rfd1+ {[%emt 0:02:05]} Ke7 {[%emt 0:00:17]} 27. Bg4 {[%emt 0:02:10]} Rxc1 {[%emt 0:03:40]} 28. Rxc1 {[%emt 0:00:25]} Kd6 {[%emt 0:00:49]} 29. Rd1+ {[%emt 0:02:31]} Kc5 {[%emt 0:00:37]} 30. Rc1+ {[%emt 0:00:40]} Kb6 {[%emt 0:01:04]} 31. Rb1+ {[%emt 0:00:31]} Kc7 {[%emt 0:00:52]} 32. Rc1+ {[%emt 0:01:35]} Kb8 {[%emt 0:00:23]} 33. Rc5 {[%emt 0:00:34]} Rd8 {[%emt 0:10:57]} 34. Rxa5 {[%emt 0:00:17]} Bc6 {[%emt 0:00:16]} 35. h4 {[%emt 0:02:07]} Kb7 {[%emt 0:00:25]} 36. Rc5 {[%emt 0:01:46]} Bxa4 {[%emt 0:01:43]} 37. Bf3+ {[%emt 0:02:06]} Kb6 {[%emt 0:00:20]} 38. Rc1 {[%emt 0:01:05]} Bb5 {[%emt 0:01:07]} 39. Be4 {[%emt 0:03:41]} 1/2-1/2

[Event "37th Zalakaros Festival 2018"]
[Site "Zalakaros"]
[Date "2018.06.02"]
[Round "9"]
[White "Gombocz, Ferenc Jr."]
[Black "Horvath, Adam"]
[Result "0-1"]
[WhiteElo "2077"]
[BlackElo "2481"]
[Annotator "TA"]
[PlyCount "56"]
[EventDate "2018.??.??"]
[EventType "swiss"]
[EventCountry "HUN"]
[SourceTitle "playchess.com"]
[Source "ChessBase"]
[SourceQuality "1"]

{[%evp 13,56,-7,-6,-17,-14,-24,-16,-33,-45,-24,-39,-41,-51,-79,-60,-85,-87,-97,-93,-91,-83,-93,-85,-83,-94,-374,-348,-295,-285,-895,-460,-545,-558,-1139,-1102,-29987,-29988,-29992,-29991,-29996,-29997,-29997,-29998,-29998,-29999]} 1. c4 e5 2. g3 Nf6 3. Bg2 d5 4. cxd5 Nxd5 5. Nc3 Nb6 6. e3 Nc6 {A22: English Opening: 1...e5 2 Nc3 Nf6} 7. Nge2 Qd3 {LiveBook: 3 Games} (7... h5 8. d4 h4 9. d5 Ne7 10. e4 hxg3 11. hxg3 Rxh1+ 12. Bxh1 Ng8 13. Be3 Nf6 14. Qc2 {0-1 (57) Ponkratov,P (2613)-Karjakin,S (2760) Riadh 2017}) 8. f4 f6 {The position is equal.} 9. Be4 Qa6 10. d4 exd4 11. Nxd4 Nxd4 12. exd4 $146 ({Predecessor:} 12. Qxd4 Be6 13. Bd3 Bc4 14. Bxc4 Qxc4 15. Qxc4 Nxc4 16. Ke2 O-O-O 17. Ne4 Bb4 18. a3 Be7 19. b3 f5 {½-½ (19) Lafarga Santorroman,D (2659)-Semrl,M (2606) ICCF email 2012}) 12... Be6 13. Bd3 {[#]} Bc4 $1 $36 {[%cal Rc4d3][%mdl 2048] White is under pressure.} 14. Qh5+ {[#]} g6 $1 {[%cal Rg6h5]} 15. Bxg6+ hxg6 16. Qxh8 Nd5 {[%cal Bb6d5,Bd5b4,Bb4d3][%mdl 32]} 17. Kf2 O-O-O {[%mdl 1024] Black has strong compensation.} 18. Re1 Nb4 {Threatens to win with ...Nd3+.} 19. Re4 $2 {[%mdl 8192]} (19. Kg1 $17 {was necessary.}) 19... f5 20. Re5 Nd3+ 21. Kg2 $2 (21. Kg1 Bc5 22. Qxd8+ Kxd8 23. dxc5) 21... Nxe5 22. Qxe5 Qc6+ 23. Kf2 {intending Be3.} Qh1 {White must now prevent ...Qf1+.} 24. Ne2 {[#]} Bg7 $1 {[%mdl 512] Black mates.} 25. Qe7 (25. Qxg7 Qxh2+) 25... Bf6 26. Qh7 Bxd4+ 27. Nxd4 Qf1+ 28. Ke3 Qe1+ {Precision: White = 22%, Black = 88%.} 0-1

[Event "37th Zalakaros Festival 2018"]
[Site "Zalakaros"]
[Date "2018.06.02"]
[Round "9"]
[White "Draganic, Stjepan"]
[Black "Bokros, Albert"]
[Result "0-1"]
[WhiteElo "2006"]
[BlackElo "2480"]
[Annotator "TA"]
[PlyCount "102"]
[EventDate "2018.??.??"]
[EventType "swiss"]
[EventCountry "HUN"]
[SourceTitle "playchess.com"]
[Source "ChessBase"]
[SourceQuality "1"]

{[%evp 15,102,-50,-49,-90,-68,-58,-65,-57,-31,-40,-37,-69,-21,-72,-62,-74,-59,-65,-23,-56,-51,-65,-52,-46,-38,-48,-43,-41,-43,-59,-52,-51,-58,-97,-99,-98,-100,-110,-100,-102,-98,-93,-72,-103,-91,-101,-112,-93,-64,-67,-50,-64,-47,-65,-52,-52,0,-46,0,-68,-45,-91,-77,-95,-120,-133,-126,-158,-93,-127,-116,-349,-173,-297,-278,-251,-256,-309,-283,-349,-205,-285,-264,-248,-272,-372,-318,-326,-318]} 1. d4 g6 2. Bf4 Bg7 3. e3 d6 4. Nf3 Nd7 5. c3 (5. h3 e5 6. Bh2 Qe7 7. Be2 Ngf6 8. c4 O-O 9. Nc3 e4 10. Nd2 Re8 11. Nb5 Qd8 12. c5 a6 13. cxd6 axb5 14. dxc7 Qe7 15. Bxb5 {½-½ (37) Wang,Y (2690)-Andriasian,Z (2586) chess.com INT 2018}) 5... e5 6. Bg5 {A41: 1 d4 d6: Tartakower System and Modern Defence} f6 7. Bh4 Nh6 8. dxe5 dxe5 {LiveBook: 4 Games} 9. Bc4 Qe7 10. Bg3 $146 ({Predecessor:} 10. e4 Nc5 11. Qe2 Be6 12. Na3 Nf7 13. Nd2 Nd6 14. Bxe6 Nxe6 {0-1 (70) Matovic,P (2203)-Radovic,L (2293) Kraljevo 2015}) 10... Nb6 11. Bb3 Bf5 12. O-O Nf7 13. Na3 O-O 14. Re1 (14. Qe2 $11) 14... Rad8 15. Qc1 Kh8 16. Nc4 Nd7 17. e4 Bg4 18. Nfd2 Nc5 19. Qc2 c6 20. Ne3 Bc8 21. Bc4 Nd6 22. f3 f5 {[%cal Bf6f5,Bf5f4][%mdl 32]} 23. b4 Nxc4 24. Nexc4 Nd3 25. Re2 f4 26. Bf2 Be6 27. Nb2 Nxf2 28. Rxf2 g5 29. Nb3 g4 30. fxg4 Bxg4 31. Nd2 Bf6 {Strongly threatening ...Bh4.} 32. Nf3 {[#]} a5 $1 {[%mdl 512]} 33. a3 (33. bxa5 Ra8) 33... Be6 34. Rd1 Ra8 $36 {[%mdl 2048] Black is pushing.} 35. Nd3 Bc4 ({Black should try} 35... axb4 $15 36. axb4 Bc4) 36. Nb2 Be6 37. Nd3 Bg4 38. Nde1 Rg8 39. Rd3 c5 {[%cal Ra5b4]} 40. Qb2 axb4 41. axb4 Be6 (41... Ra4 $142 {[%cal Rc5b4]} 42. Nc2 Qe6) 42. Rfd2 Ra6 {Hoping for ...c4.} 43. b5 $2 {[#]} (43. Rd1 $17) 43... Rb6 (43... Ra4 $142 44. Rd1 Rxe4) 44. c4 (44. Qa3 $142) 44... Bxc4 $19 45. Rd7 Qe6 ({Don't go for} 45... Rxb5 $2 46. Qc1 $18) 46. Qa3 Bxb5 47. R7d5 Rc6 (47... Bc4 $142 48. Rd7 Rc8) 48. Qa5 Bc4 49. Rd7 Ba6 50. Rc7 Rxc7 51. Qxc7 Rc8 {Precision: White = 31%, Black = 51%.} 0-1